|
|
|
|
| LEADER |
00000nam0a2200000 4500 |
| 001 |
135709 |
| 005 |
20231031140212.0 |
| 035 |
|
|
|a (RuTPU)RU\TPU\book\147072
|
| 090 |
|
|
|a 135709
|
| 100 |
|
|
|a 20080414d1976 m y0rusy50 ca
|
| 101 |
0 |
|
|a rus
|
| 102 |
|
|
|a RU
|
| 105 |
|
|
|a a z 001zy
|
| 200 |
1 |
|
|a Прикладные программы в системе математического обеспечения ЕС ЭВМ
|f А. Е. Фатеев, А. И. Ройтман, Т. П. Фатеева
|
| 210 |
|
|
|a Москва
|c Статистика
|d 1976
|
| 215 |
|
|
|a 184 с.
|c ил.
|
| 320 |
|
|
|a Библиогр.: с. 179-181.
|
| 610 |
1 |
|
|a прикладные программы
|
| 610 |
1 |
|
|a математическое обеспечение
|
| 610 |
1 |
|
|a ЭВМ
|
| 610 |
1 |
|
|a вычислительные системы
|
| 610 |
1 |
|
|a пакетная обработка
|
| 675 |
|
|
|a 681.3.066
|v 3
|
| 700 |
|
1 |
|a Фатеев
|b А. Е.
|g Александр Ефимович
|
| 701 |
|
1 |
|a Ройтман
|b А. И.
|
| 701 |
|
1 |
|a Фатеева
|b Т. П.
|
| 801 |
|
1 |
|a RU
|b 63413507
|c 20080414
|g PSBO
|
| 801 |
|
2 |
|a RU
|b 63413507
|c 20161020
|g PSBO
|
| 942 |
|
|
|c BK
|